000 00615cam a22002293a 4500
001 29059
003 PGUSA
005 20140828083629.0
008 090607s2009||||xxu|||||s|||||000 1 eng d
040 _aPGUSA
_beng
042 _adc
050 4 _aPS
100 1 _aCummings, Ray,
_d1887-1957
245 1 4 _aThe World Beyond
_h[electronic resource] /
_cRay Cummings
260 _bProject Gutenberg,
_c2009
506 _aPublic domain in the USA.
516 _aElectronic text
653 _aScience fiction
830 0 _aProject Gutenberg
_v29059
856 4 0 _uhttp://www.gutenberg.org/ebooks/29059
942 _cEB
999 _c258314
_d258314